Latin Vocabulary III Quiz Stats

 Plays Quiz not verified by Sporcle

Score 0/27 Timer 05:00
0 Plays Today
Hint Answer % Correct
Nounhouse
92.6%
Nounpicture
90.7%
Nounlife
90.7%
Verbto work
88.9%
Nounfarmer
79.6%
Nounnymph
79.6%
Verbto praise
75.9%
Nounwisdom
72.2%
Noungoddess
70.4%
Nounforest
70.4%
Otherwell
70.4%
Verbto teach
68.5%
Otherme
68.5%
Verbto make
66.7%
Hint Answer % Correct
Nounteacher
64.8%
Verbto give
57.4%
Verbhello
55.6%
Verbgoodbye
50%
Verbto shout
48.1%
Nounstudents
46.3%
Othercertainly
46.3%
Nounwool
38.9%
Nouninhabitant
35.2%
Otherwhile
35.2%
Adjectiveproud
29.6%
Verbto wind into a ball
20.4%
Adjectiveskilled
20.4%

You're not logged in!

Compare scores with friends on all Sporcle quizzes.
OR
Log In

Show Comments

Extras

Top Quizzes Today


Score Distribution

Your Account Isn't Verified!

In order to create a playlist on Sporcle, you need to verify the email address you used during registration. Go to your Sporcle Settings to finish the process.

Report this User

Report this user for behavior that violates our Community Guidelines.

Details: